000 01095cam a2200337 a 4500
001 22432
003 SK-KTurca
005 20260328111356.0
008 240314s2010 xo g 000 f slo
015 _aSNBA2010/08-04436
020 _a9788022015042
_q(viaz.)
035 _aF23AC67A-86DC-446C-80A2-ABB60124E6A4
035 _aurn:nbn:sk:snk-amk03a
035 _aurn:nbn:sk:snk-am0087ow
040 _aPPPK
_bslo
_cPPPK
_dSNK
_eAACR2
041 1 _aslo
_heng
044 _axo
_cSK
072 7 _a821.111(73)-3
_xAmerická próza
_2konspekt
080 _a821.111(73)-31
_22001
100 1 _aBecnel, Rexanne
_4aut
240 1 4 _aThe mistress of Rosecliff
_lSlovensky
245 1 0 _aMilenka z Ružového útesu
_cRexanne Becnelová ; [z anglického originálu preložila Marína Gálisová]
250 _a[1. vyd.]
260 _aBratislava
_bSlovenský spisovateľ
_cc2010
300 _a231 s.
_c21 cm
655 7 _aamerické romány
_2SNKPH
700 1 _aGálisová, Marína,
_d1972-
_4trl
942 _2ddc
_cKLDO
_n0
980 _a821.111(73)-31
999 _c22432
_d22432